Faulkner Novels (1926 - 1929) : Soldiers pay. Mosquitoes. Flags in the dust. Sound and the fury. (Record no. 29981)

MARC details
000 -LEADER
fixed length control field 00472nam a2200169Ia 4500
020 ## - INTERNATIONAL STANDARD BOOK NUMBER
ISBN 9781931082891
050 ## - CALL MARK
Classification number PS 3511 .A86/
100 ## - STATEMENT OF RESPONSIBILITY--MAIN AUTHOR NAME
Personal name Faulkner, Williams
245 #0 - TITLE STATEMENT
Title Faulkner Novels (1926 - 1929) : Soldiers pay. Mosquitoes. Flags in the dust. Sound and the fury.
260 ## - PUBLICATION, DISTRIBUTION, ETC. (IMPRINT)
Place of publication New York
260 ## - PUBLICATION, DISTRIBUTION, ETC. (IMPRINT)
Name of publisher The Library of America
260 ## - PUBLICATION, DISTRIBUTION, ETC. (IMPRINT)
Year of publication 2006
300 ## - PHYSICAL DESCRIPTION
Number of Pages 1180 p
942 ## - ADDED ENTRY ELEMENTS (KOHA)
Koha item type Books
Holdings
Withdrawn status Lost status Source of classification or shelving scheme Damaged status Not for loan Permanent Location Current Location Date acquired Accession Number Price effective from Koha item type
    Library of Congress Classification     Law Library Law Library 04/23/2025 0190816 04/23/2025 Books